Loading...
Upkar's UGC NET/ JRF/ SET English literature
| Main Author: | |
|---|---|
| Format: | Printed Book |
| Published: |
Agra
Upkar prakashan
2018
|
| Edition: | 8 |
| Subjects: |
| LEADER | 00478nam a2200157 4500 | ||
|---|---|---|---|
| 020 | |a 9789350132043 | ||
| 082 | |a 820.76 |b HIR/U | ||
| 100 | |a Hira Lal Choudhary | ||
| 245 | |a Upkar's UGC NET/ JRF/ SET English literature | ||
| 250 | |a 8 | ||
| 260 | |a Agra |b Upkar prakashan |c 2018 | ||
| 300 | |a 464+ | ||
| 650 | |a ugc english | ||
| 942 | |c CC | ||
| 999 | |c 56554 |d 56554 | ||
| 952 | |0 0 |1 0 |4 0 |6 820_760000000000000_HIRU |7 0 |9 63627 |a KUCL |c Reference |d 2019-03-19 |g 435.00 |l 0 |o 820.76 HIR/U |p 48116 |r 2019-03-19 |y CC | ||